00409nam a2200121Ia 4500003000400000005001700004008004100021040001800062041000800080100004400088245011800132260003700250OSt20260122141517.0211028s2015 xx 000 0 und d cAIMIT LIBRARY aeng aKumar, Pavan; Kairanna, Sneha.g1316101 aStudy on consumer perception towards the purchase of electronic goods of Prakash retail pvt ltd (Harsha Puttur) / aMangalorebSneha Kairanna.c2015